|
|
|
|
| LEADER |
00000cam a2200000 7i4500 |
| 001 |
0000000400 |
| 005 |
20100118093000.0 |
| 008 |
021118s1980 |
| 090 |
0 |
0 |
|a BP42
|b .S52 1980
|
| 100 |
0 |
|
|a شامة, محمد ,
|e author
|
| 241 |
0 |
3 |
|a al-Islam fi al-fikr al-Urubba
|
| 245 |
1 |
2 |
|a الاسلام فى الفكر الاوروبى
|c محمد شامة
|
| 260 |
2 |
|
|a Qahirah :
|b Maktabah Wahbah ,
|c 1980
|
| 300 |
|
|
|a 247 p. ;
|c 24 cm.
|
| 600 |
1 |
0 |
|a Gottschalk
|h Herbert ,
|c 1919-
|t Weltbewe-gende Macht Islam
|
| 650 |
|
0 |
|a Islamic civilization
|
| 650 |
|
0 |
|a Islam
|x Historiography
|
| 999 |
|
|
|a 1000015557
|b Book
|c OPEN SHELF (30 DAYS)
|e Gong Badak Campus
|
| 999 |
|
|
|a 1000015558
|b Book
|c OPEN SHELF (30 DAYS)
|e Gong Badak Campus
|
| 999 |
|
|
|a 1000015559
|b Book
|c OPEN SHELF (30 DAYS)
|e Gong Badak Campus
|
| 999 |
|
|
|a 1000075872
|b Book
|c OPEN SHELF (30 DAYS)
|e Gong Badak Campus
|